| 000 | 00375nam a2200145Ia 4500 | ||
|---|---|---|---|
| 008 | 230312s9999||||xx |||||||||||||| ||und|| | ||
| 020 | _a1-57231-527-x | ||
| 082 |
_a004.6 _bNET |
||
| 245 | 0 | _aNetworking Essentials | |
| 260 |
_bMicrosoft Press _aWashington _c1999 |
||
| 300 | _a838 | ||
| 546 | _aEng. | ||
| 650 |
_aComputer _vAbout this Kit , Network orientation |
||
| 942 | _cBK | ||
| 999 |
_c3513 _d3513 |
||